Fruit and vegetables

Na minha lista:
Detalhes bibliográficos
Autor principal: Duckworth, Ronald Barrett (Autor)
Formato: Livro
Idioma:inglês
Publicado em: Oxford Pergamon Press 1966
Assuntos:
Tags: Adicionar Tag
Sem tags, seja o primeiro a adicionar uma tag!

MARC

LEADER 00000nam a2200000 a 4500
001 UCR3961
003 CL-VaPUC
008 980307e19660000UK |||||||||||||||||eng|d
082 0 4 |a 634  |b DUC  |2 21 
100 0 |a Duckworth, Ronald Barrett  |e author  |9 403497 
245 1 0 |a Fruit and vegetables 
300 |a 306 p 
942 |c BK 
945 |d 19980307 00:00:00  |a jquezada 
260 |a Oxford  |b Pergamon Press  |c 1966 
650 0 |a Frutas  |9 259500 
650 0 |a Hortalizas  |9 259501 
650 7 |a CONSTITUCION QUIMICA  |2 CL-VaPUC  |9 394567 
650 0 |a Fisiología vegetal  |9 260158 
650 0 |a Microbiología   |9 259706 
650 0 |a Industria alimentaria  |9 331702 
583 |a last modification  |c 19980307 00:00:00  |k Rodrigo Vera 
999 |c 266975  |d 266973